000 00488nmm a2200169Ia 4500
008 251105s9999||||xx |||||||||||||||||und||
041 _aspa
100 _aJennifer Dawson
245 0 _aAl pie del muro
264 _a[Madrid, España] :
_bAlba Editorial,
_c[Fecha de publicación no identificada]
300 _a0 páginas
490 _aRara avis
700 _aJennifer Dawson
700 1 _a Diéguez, Amado
856 _uhttps://public.digitaliapublishing.com/a/179810
942 _cCF
999 _c67244
_d67244